000 00509nam a2200217 454500
001 053985
003 BD-ChCU
008 Eng
020 _a1405127147
040 _aDLC
_cDLC
_dBD-ChCU
082 0 0 _a574.0685/G256b
100 1 _aGaston, Kevin J.
_bSpicer, John I.
245 1 0 _aBiodiversity
_bAn introduction
250 _a2
260 _aMalden
_bBlacwell Pub.
_c2004
300 _axv,191
504 _aIncludes
650 0 _aBiological diversity
_bBiology
700 1 _ax
942 _2ddc
_cBK
999 _c53985
_d53985